| 000 | 00000nas 2200000zi 4500 |
| 001 | 9.880175 |
| 003 | CaOODSP |
| 005 | 20251126150113 |
| 006 | m o d f |
| 007 | cr ||||||||||| |
| 008 | 191003c20189999oncar p o f0###b0fre|d |
| 020 | |z9780660281100|z9780660360294 |
| 022 | |a2819-5671 |
| 040 | |aCaOODSP|bfre|erda|cCaOODSP |
| 043 | |an-cn--- |
| 086 | 1 |aFA1-32F-PDF|zFA1-27/2018-2-8F-PDF|zFA3-164/2020F-PDF |
| 110 | 1 |aCanada. |bBureau du vérificateur général. |
| 245 | 10|aCommentaire sur les audits financiers de ... |
| 264 | 1|a[Ottawa] : |bBureau du vérificateur général du Canada = Office of the Auditor General of Canada, |c[2018]- |
| 310 | |aAnnuel |
| 336 | |atexte|btxt|2rdacontent/fre |
| 337 | |ainformatique|bc|2rdamedia/fre |
| 338 | |aressource en ligne|bcr|2rdacarrier/fre |
| 362 | 1 |aParaît depuis : 2017/2018. |
| 490 | 1 |aRapport du vérificateur général du Canada au Parlement du Canada |
| 500 | |aPublié aussi en anglais sous le titre : Commentary on the ... financial audits. |
| 588 | |aDescription d'après : 2017/2018. |
| 588 | |aDernière livraison consultée : 2018/2019. |
| 610 | 16|aCanada. |bBureau du vérificateur général|vPériodiques. |
| 650 | 6|aÉtats financiers|zCanada|vPériodiques. |
| 655 | 7|aPériodiques|2rvmgf |
| 775 | 08|tCommentary on the ... financial audits / |w(CaOODSP)9.880173 |
| 776 | 0#|tCommentaire sur les états financiers / |w(CaOODSP)9.880176 |
| 830 | #0|aRapports du vérificateur général du Canada au Parlement du Canada.|w(CaOODSP)9.846693 |
| 856 | 40|qPDF|sS.O.|uhttps://www1.oag-bvg.gc.ca/internet/Francais/parl_lpf_f_42210.html |